00205nam a2200097Ia 4500008004100000041000800041100002300049245001900072260000900091365000700100240625s9999 xx 000 0 und d aeng aTHE ECONOMIC TIMES aIT FOR MANAGER c2005 cRS